NFL Madden 25 WR Ratings - Statistics

General Stats
  • This quiz has been taken 831 times
  • The average score is 12 of 18
Answer Stats
# Answer Rating % Correct
2 Justin Jefferson 98
98%
1 Tyreek Hill 99
93%
T-4 Amon-Ra St. Brown 95
88%
T-7 Ja’Marr Chase 92
88%
T-4 A.J. Brown 95
85%
3 Ceedee Lamb 96
78%
6 Davante Adams 94
76%
T-7 Stefon Diggs 92
68%
T-15 Cooper Kupp 88
66%
T-15 DeVonta Smith 88
64%
T-7 Mike Evans 92
59%
10 Brandon Aiyuk 91
49%
11 Keenan Allen 90
49%
T-12 Terry McLaurin 89
49%
T-12 DeAndre Hopkins 89
46%
T-15 Amari Cooper 88
44%
T-12 DJ Moore 89
44%
T-15 Tyler Lockett 88
31%
No matching quizzes found
Score Distribution
Percent of People with Each Score
Percentile by Number Answered
Your Score History
You have not taken this quiz